000 00823nam a2200289Ia 4500
008 160803s9999 xx 000 0 und d
020 _a9780545387095
100 _aJaneczko, Paul
245 _aWorld's greatest hoaxes :
245 _btrue tales of frauds and fakes /
245 _cPaul B. Janeczko.
260 _aNew York :
260 _bScholastic Inc.
260 _c2012
300 _a48 pages :
300 _billustrations ;
300 _c26 cm
650 _aDeception --
650 _aHoaxes -- Case studies --
650 _aImpostors and imposture -- Case studies --
650 _aSwindlers and swindling -- Case studies --
650 _xJuvenile literature.
650 _xJuvenile literature.
650 _xJuvenile literature.
650 _xJuvenile literature.
700 _a1150
999 _c299743
_d299743